000 00537nam a2200181 a 4500
001 000044578
005 20201002045456.0
008 140717s1968 cu 000 0 spa d
040 _aDO-SdBNP
_bspa
_cBNPHU
082 _axxxx
_bxxxx
100 1 _aFuentes, Norberto,
_d1943-
_972603
245 1 0 _aCondenados de contado /
_cNorberto Fuentes.
260 _aLa Habana, Cuba :
_bCasa de las Americas,
_c1968.
300 _a170 P. ;
_c18 cm.
490 1 _aPremio
586 _aPremio Cuento Casa de las Americas, 1986
830 0 _aPremio
_98618
999 _c44067
_d44067